000 00267nam a2200097Ia 4500
001 1002901
005 20250826230439.0
008 250824s9999 xx 000 0 und d
245 0 _aBAZI HAYALLER SUYA DÜŞMEZ
_cGÖKNUR BİRİNCİOĞLU
260 _bHEP KİTAP YAYINLARI
999 _c1002901
_d1002901